| 000 | 00790nam a22002537a 4500 | ||
|---|---|---|---|
| 999 |
_c15710 _d15710 |
||
| 003 | AR-CdUCM | ||
| 008 | 190429b ||||| |||| 00| 0 spa d | ||
| 040 |
_aMUNICIPALIDAD PROVINCIAL DEL CUSCO _cBIBLIOTECA MUNICIPAL DEL CUSCO |
||
| 082 |
_aEP / 803 / _bC567 |
||
| 100 |
_aChoquenaira Huahuaccapa, Vilma _934878 |
||
| 245 | _aWiksa Nanaymanta / | ||
| 260 |
_aApurímac : _bCIMAGRAF, _c2009. |
||
| 300 |
_a12 páginas ; _bilustraciones, _c21 cm. |
||
| 500 | _aTexto en Quechua. | ||
| 650 |
_aLiteratura _983 |
||
| 650 |
_aCuentos infantiles _93927 |
||
| 650 |
_aSiglo XXI _92856 |
||
| 700 |
_aCariapaza Nayhua, María Elena (colaboradora) _934879 |
||
| 710 |
_aUNICEF. _99438 |
||
| 710 |
_aOPS. _934851 |
||
| 710 |
_aUNFPA. _934852 |
||
| 942 |
_2ddc _cLIBROS |
||
| 945 |
_aachl _d2019-04-29 |
||